000 01239nam a2200361Ia 4500
001 dia_2332
003 CHAP
005 20230515112135.0
008 220117s2014 xx 000 0 und d
010 _a173647
020 _a978-84-9988-367-0
040 _cCHAP
082 _a808.849382 H36 U53 2014
100 _aHanh, Thich Nhah
_9154166
240 _aLove letter to the Earth
245 _aUn canto de amor a la Tierra /
_c Thich Nhat Hanh ; traducción David González Raga
260 _aEspaña :
_b Kairós,
_c2014
300 _a134 p.
440 _aSabiduría perenne
_9154167
500 _aTítulo original: Love letter to the Earth
590 _aBQ9800.T5392 U53 2014
650 _aEnsayo
_9153131
650 _aEnvironmental protection
_xReligious aspects
_xBuddhism
_9154168
650 _aEssay
_9153132
650 _aLiteratura vietnamita
_xSiglo XXI
_9154169
650 _aProtección ambiental
_xAspectos religiosos
_xBudismo
_9154170
650 _aVientnamese literature
_x21st century
_9154171
700 _aGonzález Raga. David, tr.
_9154172
901 _a808.849382 H36 U53 2014
902 _aA
905 _a5232272014 sp a 9222223322spa16
942 _cLIBRO
_2ddc
999 _c173647
_d173647